000 00898nam a22002657a 4500
001 BR7406103
003 BR-BrBNA
005 20230928084632.0
007 ta
008 230509b bl.||||| |||| 00| 0 por d
040 _aBR-BrBNA
_bpor
_cBiblioteca Nacional de Agricultura
041 _a(Por)
072 _aH00
_b/G514
090 _ H00 BR7406103
110 1 _aSecretaria de Estado da Agricultura, Curitiba, PR (Brasil). Depto. de Extensao e Fomento
_98817
245 1 _aManual para proceder levantamentos fitossanitarios. Instrucoes para levantamentos [defesa vegetal, Brasil]
_bColeta e remessa de material patologico e entomologico de vegetais
260 3 _aCuritiba, PR (Brasil):
_c1974.
300 _a28 p.
650 _aDIAGNOSTICO
650 _aDEFESA VEGETAL
650 _aLEVANTAMENTO FITOSSANITARIO
650 _aPARANA
909 _a202309
_bLucia
_c55
_dLucia Elande
942 _cBK
999 _c20204
_d20204